| 000 | 00459nam a22001577a 4500 | ||
|---|---|---|---|
| 022 | _a1580530969 | ||
| 082 |
_a388.0112 _bGAR _cN-01, P-95 |
||
| 100 |
_aGarrison, William L. _938406 |
||
| 245 |
_aTomorrow's Transportation _cGarrison, William L. |
||
| 260 |
_aBoston London _bArtech House |
||
| 300 |
_axix, 316 p. ; _bill.; |
||
| 526 |
_a0 _b0 _c0 _d388_011200000000000_GAR |
||
| 650 |
_aNUST _96342 |
||
| 700 |
_aGarrison, William L. _938406 |
||
| 942 |
_2ddc _cBK |
||
| 999 |
_c543048 _d543048 |
||